000
00284nam a22001337a 4500
020
_a
978-0-7515-6231-8
082
_a
823
_b
SPA/L
100
_a
SPARKS,NICHOLAS
245
_a
THE LUCKY ONE
260
_a
LONDON
_b
SPHERE
300
_a
334
650
_a
NOVEL ENGLISH
_z
LONDON
942
_c
BK
999
_c
3351
_d
3351